Loading...
History - World History | 0 | 3 | 0 | 1 | 30 | 118 | 125.67 | 0 | 1 |
Fine Arts - Auditory Fine Arts | 0 | 3 | 0 | 1 | 30 | 118 | 122.00 | 0 | 0 |
Mythology | 1 | 2 | 1 | 0 | 30 | 61 | 90.00 | 1 | 2 |
Social Science | 0 | 2 | 0 | 0 | 20 | 102 | 103.00 | 0 | 2 |
Science - Biology | 0 | 2 | 0 | 0 | 20 | 86 | 96.00 | 0 | 0 |
Science - Chemistry | 0 | 2 | 0 | 2 | 20 | 124 | 125.00 | 0 | 1 |
Religion | 0 | 1 | 0 | 0 | 10 | 89 | 89.00 | 0 | 1 |
Science - Other Science | 0 | 1 | 0 | 0 | 10 | 129 | 129.00 | 0 | 0 |
Current Events | 0 | 1 | 0 | 0 | 10 | 90 | 90.00 | 0 | 1 |
Fine Arts - Other Fine Arts | 0 | 1 | 0 | 1 | 10 | 134 | 134.00 | 0 | 0 |
History - European History | 0 | 0 | 1 | 0 | -5 | 0.00 | 0 | 0 |